00675nam a22002057a 450000500170000001000130001702000230003003500130005303700160006604000120008208200170009424500740011124600060018526000650019127000540025630000270031065000510033765000550038870000260044320170124110244.0 aA-945739 c700.00a8124601011 aA-945739 bCen Lib/Ret aDPLbEN a370.192bCUL aThe cultural dimension of education /cedited by Baidyanath Saraswati b  aNew Delhi bIndira Gandhi National Centre for the Artsc1998 bNew Delhi aCentral Vista Mess, Janapath e110001 axxii, 258p. c23cm(Hb) aEducation, Elementary -- India -- Congresses.  aEducation, Elementary -- Bangladesh -- Congresses. aSaraswati, Baidyanath